000 00544nam a2200193Ia 4500
005 20250508162055.0
008 008 250505s9999 xx 000 0 eng d
037 _aTextual
040 _aFEDL
_beng
_cFEDL
041 _aeng
_2eng
084 _a371.335, BRO
_qFEDL
100 _aBrown James W
245 0 _aAv instruction : Technology, media, and methods
250 _a5th
260 _aNew York, USA
_bMcGraw-Hill Book Company
_c1977
300 _axii,498p.
942 _cTEXL
_h371.335, BRO
999 _c1374221
_d1374221